Gibraltar en 1890 (Record no. 162076)

MARC details
000 -LEADER
campo de control de longitud fija 00953nam a22002055i 4500
001 - NÚMERO DE CONTROL
campo de control 162076
003 - IDENTIFICADOR DE NÚMERO DE CONTROL
campo de control ES-MaACL
005 - FECHA Y HORA DE LA ÚLTIMA TRANSACCIÓN
campo de control 20250824090221.0
008 - DATOS DE LONGITUD FIJA--INFORMACIÓN GENERAL
campo de control de longitud fija 020128s1866 sp |||| | spa d
040 ## - FUENTE DE CATALOGACIÓN
Centro catalogador/agencia de origen CAM
Lengua de catalogación spa
Centro/agencia transcriptor CAM
100 1# - ENTRADA PRINCIPAL--NOMBRE DE PERSONA
Nombre de persona Picón, José.
9 (RLIN) 91876
245 10 - MENCIÓN DEL TÍTULO
Título Gibraltar en 1890
Resto del título : sueño lírico en un acto y en verso /
Mención de responsabilidad, etc. original de José Picon ; música del maestro Francisco Asenjo Barbieri.
260 ## - PUBLICACIÓN, DISTRIBUCIÓN, ETC.
Lugar de publicación, distribución, etc. Madrid :
Nombre del editor, distribuidor, etc. [s.n.],
Fecha de publicación, distribución, etc. 1866 (
Fabricante Imprenta del Centro General de Administracion)
300 ## - DESCRIPCIÓN FÍSICA
Extensión 45 p. ;
Dimensiones 18 cm.
500 ## - NOTA GENERAL
Nota general En port.: Representado por primera vez en el teatro de la Zarzuela el 22 de enero de 1866.
500 ## - NOTA GENERAL
Nota general Solo la letra.
700 1# - ENTRADA AGREGADA--NOMBRE PERSONAL
Nombre de persona Barbieri, Francisco A.,
Fechas asociadas al nombre 1823-1894
9 (RLIN) 25463
852 ## - LOCALIZACIÓN
Ubicación ES-MaACL
Número de control de estantería F-8633(2)
Nota libre -- Enc. pasta española
condición física -- Falto de la cub. original
Nota libre -- Enc. en un vol. facticio formando parte de la col. facticia "Teatro español moderno", vol. 88
Holdings
Estatus retirado Estado de pérdida Estado de daño No para préstamo Colección Biblioteca de origen Biblioteca actual Ubicación en estantería Fecha de adquisición Total de préstamos Signatura topográfica completa Código de barras Visto por última vez Precio de reemplazo Tipo de ítem Koha
        Libros del s. XIX Biblioteca del Ateneo de Madrid Biblioteca del Ateneo de Madrid Sala Pecera Planta 2 17/01/2008   F-8633(2) 1169785 23/02/2023 23/02/2023 Libro impreso antiguo